000 00713nam a2200205Ia 4500
005 20260121110337.0
008 008 260114s9999 xx 000 0 hin d
020 _a9788132353447
037 _aEBOOK
040 _aCRL
_bhin
_cCRL
041 _ahin
_2hin
084 _qCRL
100 _aकविता चौधरी / Meenakshi Rana
_9945021
245 0 _aपुस्तकालय प्रबंधन एवं सूचना केंद्र / Pustakalay Prabandhan aur Soochna Kendra
260 _bभाषा प्रकाशन / Bhasha Prakashan
_c2020
856 _uhttps://bhashaprakashan.com/product-details/382438
942 _cEBOOK
999 _c1536685
_d1536685